Proceedings of the 1972 Conference on Computers in Undergraduate Curricula (Record no. 47599)
[ view plain ]
| 000 -LEADER | |
|---|---|
| campo de control de longitud fija | 00821nam a2200205 i 4500 |
| 001 - NÚMERO DE CONTROL | |
| campo de control | 47599 |
| 003 - IDENTIFICADOR DE NÚMERO DE CONTROL | |
| campo de control | ES-MaACL |
| 005 - FECHA Y HORA DE LA ÚLTIMA TRANSACCIÓN | |
| campo de control | 20230906161609.0 |
| 007 - CAMPO FIJO DE DESCRIPCIÓN FÍSICA--INFORMACIÓN GENERAL | |
| campo de control de longitud fija | t| |
| 008 - DATOS DE LONGITUD FIJA--INFORMACIÓN GENERAL | |
| campo de control de longitud fija | 030507s1972 xxu ||||1| eng d |
| 080 ## - NÚMERO DE LA CLASIFICACIÓN DECIMAL UNIVERSAL | |
| Número de la Clasificación Decimal Universal | 377:681.31"1972"(063) |
| 080 ## - NÚMERO DE LA CLASIFICACIÓN DECIMAL UNIVERSAL | |
| Número de la Clasificación Decimal Universal | 681.31(063) |
| 111 2# - ENTRADA PRINCIPAL--NOMBRE DE CONGRESO/REUNIÓN | |
| Nombre de congreso/reunión o jurisdicción como elemento de entrada | Conference on Computers in the Undergraduate Curricula ( |
| Fecha del congreso o de la firma del tratado | 1972. |
| Sede del congreso/Lugar de la reunión | Atlanta) |
| 9 (RLIN) | 186 |
| 245 10 - MENCIÓN DEL TÍTULO | |
| Título | Proceedings of the 1972 Conference on Computers in Undergraduate Curricula |
| Resto del título | : june 12,13,14, 1972 Atlanta, Georgia. |
| 260 ## - PUBLICACIÓN, DISTRIBUCIÓN, ETC. | |
| Lugar de publicación, distribución, etc. | Atlanta : |
| Nombre del editor, distribuidor, etc. | Southern Regional Education Board, |
| Fecha de publicación, distribución, etc. | [1972] |
| 300 ## - DESCRIPCIÓN FÍSICA | |
| Extensión | XII, 590 p. : |
| Otras características físicas | il. ; |
| Dimensiones | 28 cm. |
| 650 14 - PUNTO DE ACCESO ADICIONAL DE MATERIA--TÉRMINO DE MATERIA | |
| Término de materia o nombre geográfico como elemento de entrada | Informáticos- |
| Subdivisión general | Formación profesional- |
| Subdivisión de forma | Congresos y asambleas. |
| 9 (RLIN) | 13765 |
| 650 14 - PUNTO DE ACCESO ADICIONAL DE MATERIA--TÉRMINO DE MATERIA | |
| Término de materia o nombre geográfico como elemento de entrada | Informática- |
| Subdivisión general | Congresos y asambleas. |
| 9 (RLIN) | 13761 |
| 852 ## - LOCALIZACIÓN | |
| Ubicación | ES-MaACL |
| Número de control de estantería | G-539 |
| Nota libre | . - Donat. Ernesto García Camarero |
| Estatus retirado | Estado de pérdida | Estado de daño | No para préstamo | Biblioteca de origen | Biblioteca actual | Ubicación en estantería | Fecha de adquisición | Fuente de adquisición | Total de préstamos | Signatura topográfica completa | Código de barras | Visto por última vez | Precio de reemplazo | Tipo de ítem Koha |
|---|---|---|---|---|---|---|---|---|---|---|---|---|---|---|
| Biblioteca del Ateneo de Madrid | Biblioteca del Ateneo de Madrid | Depósito 2 | 17/01/2008 | G-539 | 1050082 | 23/02/2023 | 23/02/2023 | Libro impreso |
